ديوان طرفة بن العبد / (رقم التسجيلة. 111426)

تفاصيل مارك
000 -LEADER
fixed length control field 00562nam a22001937a 4500
005 - DATE AND TIME OF LATEST TRANSACTION
control field 20251108174527.0
008 - FIXED-LENGTH DATA ELEMENTS--GENERAL INFORMATION
fixed length control field 250721s2003 xx 000 0 ara d
020 ## - INTERNATIONAL STANDARD BOOK NUMBER
International Standard Book Number 2745108387
082 14 - DEWEY DECIMAL CLASSIFICATION NUMBER
Classification number 811.1/عبد
100 1# - MAIN ENTRY--PERSONAL NAME
Personal name ناصر الدين، مهدي محمد
Relator term شارح
245 10 - TITLE STATEMENT
Title ديوان طرفة بن العبد /
250 ## - EDITION STATEMENT
Edition statement ط.3.
264 1# - PRODUCTION, PUBLICATION, DISTRIBUTION, MANUFACTURE, AND COPYRIGHT NOTICE
Place of production, publication, distribution, manufacture بيروت :
Name of producer, publisher, distributor, manufacturer دار الكتب العلمية،
Date of production, publication, distribution, manufacture, or copyright notice 2003.
300 ## - PHYSICAL DESCRIPTION
Extent 85 ص.
650 17 - SUBJECT ADDED ENTRY--TOPICAL TERM
Topical term or geographic name as entry element الشعر العربي
650 17 - SUBJECT ADDED ENTRY--TOPICAL TERM
Topical term or geographic name as entry element الشعر الجاهلي
942 ## - ADDED ENTRY ELEMENTS (KOHA)
Source of classification or shelving scheme Dewey Decimal Classification
Koha item type كتب
المقتنيات
حالة السحب حالة الفقدان مصدر التصنيف حالة التلف غير قابل للإعارة المكتبة الرئيسية المكتبة الحالية موقع الرف تاريخ التزويد الرقم المتسلسل Total Checkouts رقم الإستدعاء الباركود تاريخ آخر ظهور تاريخ الفاتورة نوع المادة (كوها)
    Dewey Decimal Classification     مكتبة الحسن العامة مكتبة الحسن العامة الإعارة 30/09/2018 03187   811.1/عبد PLD00434749 28/07/2025 30/09/2018 كتب
    Dewey Decimal Classification     مكتبة مرج الحمام مكتبة مرج الحمام الإعارة 07/05/2008 1170435   811.1/عبد PLD00005278 28/07/2025 07/05/2008 كتب
Implemented & Customized by: BBB with SCIT (Smart Chains for Information Technology)

Powered by Koha